[Event "DM Kandidatklassen 2025"]
[Site "Svendborg"]
[Date "2025.04.15"]
[Round "1"]
[White "Abildlund, Jens"]
[Black "Ramsdal, Jens Albert"]
[Result "1/2-1/2"]
[WhiteElo "2196"]
[BlackElo "2342"]
[WhiteFideId "1403001"]
[BlackFideId "1429221"]
[EventDate "2025.04.15"]
[EventType "swiss"]
[EventRounds "7"]
[EventCountry "DEN"]
[SourceTitle "Live v. Kasper Jerwiarz"]

1. d4 d5 2. Nf3 Nf6 3. Bf4 c5 4. e3 Nc6 5. c3 Qb6 6. Qb3 c4 7. Qc2 Bf5 8. Qc1 Nh5 9. Be2 Nxf4 10. exf4 h6 11. Nbd2 e6 12. O-O Bd6 13. g3 Qc7 14. b3 cxb3 15. axb3 O-O 16. Qb2 Rfc8 17. Rfc1 Qe7 18. Ne5 a6 19. Nxc6 Rxc6 20. c4 Rac8 21. c5 Bb8 22. b4 g5 23. fxg5 hxg5 24. Nf3 f6 25. Re1 Kg7 26. h4 Rh8 27. Ra3 Be4 28. hxg5 fxg5 29. Bf1 e5 30. Bg2 Rch6 31. dxe5 Kf8 32. Qd2 Bxe5 33. Rxe4 dxe4 34. Nxg5 Kg7 35. Nxe4 Rd8 36. Rd3 1/2-1/2

[Event "DM Kandidatklassen 2025"]
[Site "Svendborg"]
[Date "2025.04.15"]
[Round "1"]
[White "Medhus, Vitus Bondo"]
[Black "Jarlskov, Daniel Tuk Hartso"]
[Result "1-0"]
[WhiteElo "2329"]
[BlackElo "2184"]
[WhiteFideId "1462547"]
[BlackFideId "1463896"]
[EventDate "2025.04.15"]
[EventType "swiss"]
[EventRounds "7"]
[EventCountry "DEN"]
[SourceTitle "Live v. Kasper Jerwiarz"]

1. e4 c6 2. d4 d5 3. f3 dxe4 4. fxe4 e5 5. Nf3 Bg4 6. c3 Nd7 7. Be2 Bd6 8. Nbd2 Bxf3 9. Bxf3 Ngf6 10. Nc4 Qc7 11. O-O b5 12. Ne3 exd4 13. cxd4 Bxh2+ 14. Kh1 h5 15. e5 Ng4 16. Nf5 O-O-O 17. Ne7+ Kb7 18. Nxc6 Bxe5 19. Nxd8+ Ka6 20. a4 Qxd8 21. axb5+ Kb6 22. Ra6+ Kc7 23. Rxa7+ Kc8 24. Bb7+ Kc7 25. Qc2+ Kb6 26. Ra6+ 1-0

[Event "DM Kandidatklassen 2025"]
[Site "Svendborg"]
[Date "2025.04.15"]
[Round "1"]
[White "Wahlgreen, Noah Krug"]
[Black "Matthiesen, Martin"]
[Result "0-1"]
[WhiteElo "2076"]
[BlackElo "2304"]
[WhiteFideId "1457349"]
[BlackFideId "1404067"]
[EventDate "2025.04.15"]
[EventType "swiss"]
[EventRounds "7"]
[EventCountry "DEN"]
[SourceTitle "Live v. Kasper Jerwiarz"]

1. e4 e5 2. Nf3 Nc6 3. Bb5 a6 4. Ba4 Nf6 5. d3 d6 6. c3 Be7 7. O-O O-O 8. Re1 Re8 9. Nbd2 Bf8 10. Nf1 h6 11. Ng3 b5 12. Bc2 d5 13. a4 Rb8 14. axb5 axb5 15. h3 d4 16. Bb3 Be6 17. Bxe6 Rxe6 18. Nf5 dxc3 19. bxc3 b4 20. c4 Ra8 21. Rxa8 Qxa8 22. Bb2 Qa7 23. Qa1 Qxa1 24. Rxa1 Nd7 25. Kf1 Nc5 26. Ke2 Re8 27. Ne3 Bd6 28. Nd2 Rb8 29. f4 Nd4+ 30. Bxd4 exd4 31. Nf5 Bxf4 32. Ne7+ Kh7 33. Nc6 Rb6 34. Nxd4 Bxd2 35. Kxd2 Rd6 36. Nb5 Rxd3+ 37. Ke2 Rg3 38. Nxc7 Rxg2+ 39. Kf3 Rc2 40. Ne8 b3 41. Rg1 b2 42. Rxg7+ Kh8 43. Rxf7 b1=Q 44. Rf8+ Kh7 45. Rf7+ Kg8 0-1

[Event "DM Kandidatklassen 2025"]
[Site "Svendborg"]
[Date "2025.04.15"]
[Round "1"]
[White "Thogersen, Rasmus"]
[Black "Petersen, Steen Brustrup"]
[Result "0-1"]
[WhiteElo "2302"]
[BlackElo "2106"]
[WhiteFideId "1431412"]
[BlackFideId "1402706"]
[EventDate "2025.04.15"]
[EventType "swiss"]
[EventRounds "7"]
[EventCountry "DEN"]
[SourceTitle "Live v. Kasper Jerwiarz"]

1. e4 e5 2. Nf3 Nc6 3. Bc4 Nf6 4. d3 Be7 5. O-O d6 6. a4 O-O 7. a5 Be6 8. Nbd2 Bxc4 9. Nxc4 b5 10. Ne3 d5 11. Qe2 dxe4 12. dxe4 Nxe4 13. Qxb5 Nd4 14. Qxe5 Nxf3+ 15. gxf3 Ng5 16. Kh1 Bd6 17. Qd5 c6 18. Qxc6 Rc8 19. Qd5 Rc5 20. Qd3 Nxf3 21. Nf5 Rxf5 22. Qxf5 Qa8 23. Qh3 Nxh2+ 24. f3 Nxf1 25. Qxf1 Qd5 26. Kg2 Re8 27. Ra4 Qh5 28. Bf4 Qg6+ 29. Kh1 Bxf4 0-1

[Event "DM Kandidatklassen 2025"]
[Site "Svendborg"]
[Date "2025.04.15"]
[Round "1"]
[White "Sorensen, Reto Utiger"]
[Black "Hansen, Soren Bech"]
[Result "0-1"]
[WhiteElo "2104"]
[BlackElo "2268"]
[WhiteFideId "1426664"]
[BlackFideId "1400681"]
[EventDate "2025.04.15"]
[EventType "swiss"]
[EventRounds "7"]
[EventCountry "DEN"]
[SourceTitle "Live v. Kasper Jerwiarz"]

1. c4 f5 2. Nf3 Nf6 3. g3 g6 4. Bg2 Bg7 5. O-O O-O 6. d4 d6 7. b4 Qe8 8. Bb2 c6 9. Qb3 h6 10. a4 Qf7 11. Na3 Ne4 12. Rad1 Nd7 13. d5 c5 14. Nb5 cxb4 15. Nc7 Ndc5 16. Qxb4 Bxb2 17. Qxb2 Rb8 18. Nb5 a6 19. Nc3 Nxc3 20. Qxc3 Nxa4 21. Qe3 Kg7 22. Rb1 Nc5 23. Ne5 Qf6 24. Nd3 Nxd3 25. exd3 Ra8 26. Rfe1 Rf7 27. d4 g5 28. f4 Kh7 29. c5 Rg7 30. Rb6 a5 31. Kh1 a4 32. cxd6 exd6 33. Qa3 gxf4 34. Rxd6 Qxd4 35. Rd8 f3 36. Bxf3 Qf2 37. Rd1 b5 38. Bg2 Bb7 39. Rd6 Re8 40. Qc1 Qe3 41. Qb1 Re5 42. Qxb5 a3 43. Qb1 Bc8 44. Rc6 Rb7 45. Qa1 Bd7 46. Rc3 Qe2 47. Rxa3 Rb2 48. Rg1 Rxd5 49. Qc1 Rdd2 50. Ra7 Qd3 51. Qe1 Re2 52. Qc1 Rbd2 53. Ra1 Qd5 54. Qf1 Rxg2 55. Rxg2 Bc6 56. Ra7+ Kg8 57. Ra5 Rd1 0-1

[Event "DM Kandidatklassen 2025"]
[Site "Svendborg"]
[Date "2025.04.15"]
[Round "1"]
[White "Le Besq, Alexander"]
[Black "Veiergang, Oscar Jacob"]
[Result "1-0"]
[WhiteElo "2256"]
[BlackElo "2156"]
[WhiteFideId "1437089"]
[BlackFideId "1470183"]
[EventDate "2025.04.15"]
[EventType "swiss"]
[EventRounds "7"]
[EventCountry "DEN"]
[SourceTitle "Live v. Kasper Jerwiarz"]

1. e4 e5 2. Nf3 Nc6 3. Bb5 a6 4. Ba4 Nf6 5. O-O Be7 6. Re1 b5 7. Bb3 O-O 8. h3 Bb7 9. d3 d5 10. exd5 Nxd5 11. Nxe5 Nxe5 12. Rxe5 Qd6 13. Re1 Rae8 14. Nd2 c5 15. a4 Kh8 16. axb5 axb5 17. Ra7 Bc6 18. Nf3 Bf6 19. Rxe8 Rxe8 20. Rxf7 h6 21. Bd2 Bd7 22. c4 bxc4 23. Rxd7 Qxd7 24. Ba4 1-0

[Event "DM Kandidatklassen 2025"]
[Site "Svendborg"]
[Date "2025.04.15"]
[Round "1"]
[White "Hansen, Per"]
[Black "Rewitz, Poul"]
[Result "0-1"]
[WhiteElo "2089"]
[BlackElo "2262"]
[WhiteFideId "1407520"]
[BlackFideId "1401033"]
[EventDate "2025.04.15"]
[EventType "swiss"]
[EventRounds "7"]
[EventCountry "DEN"]
[SourceTitle "Live v. Kasper Jerwiarz"]

1. d4 g6 2. e4 Nf6 3. f3 d5 4. e5 Nh5 5. f4 Ng7 6. Be2 h5 7. Be3 Bf5 8. Nf3 e6 9. O-O Nd7 10. c4 Bxb1 11. Rxb1 dxc4 12. Bxc4 Nf5 13. Bf2 Nb6 14. Ng5 Be7 15. Ne4 Nxc4 16. Qa4+ c6 17. Qxc4 Qd5 18. Qxd5 cxd5 19. Ng3 Nxg3 20. Bxg3 Kd7 21. Rfc1 Rac8 22. Bf2 b5 23. Be3 Rc4 24. b3 Rcc8 25. Rxc8 Rxc8 26. Rc1 Ra8 27. Kf1 Ba3 28. Rc2 a5 29. Bd2 Be7 30. Ke2 a4 31. bxa4 Rxa4 32. Kd3 Ra3+ 33. Ke2 h4 34. Bc1 Ra4 35. Be3 Rc4 36. Kd3 Rb4 37. Bd2 Ra4 38. Be3 Ra8 39. Ke2 h3 40. g3 Ra3 41. Bc1 Rxg3 0-1

[Event "DM Kandidatklassen 2025"]
[Site "Svendborg"]
[Date "2025.04.15"]
[Round "1"]
[White "Loftgaard, Mikkel Vinh"]
[Black "Slavensky, Asbjorn Vesterkaer"]
[Result "1-0"]
[WhiteElo "2230"]
[BlackElo "2079"]
[WhiteFideId "1468480"]
[BlackFideId "1470094"]
[EventDate "2025.04.15"]
[EventType "swiss"]
[EventRounds "7"]
[EventCountry "DEN"]
[SourceTitle "Live v. Kasper Jerwiarz"]

1. e4 c5 2. Nf3 d6 3. Bb5+ Bd7 4. Bxd7+ Nxd7 5. O-O Ngf6 6. Qe2 e6 7. c3 Be7 8. d4 O-O 9. e5 dxe5 10. dxe5 Nd5 11. c4 Nb4 12. Nc3 Nc6 13. Rd1 a6 14. Bf4 Qc7 15. Nd5 exd5 16. cxd5 Ncxe5 17. Nxe5 Nxe5 18. Qxe5 Qxe5 19. Bxe5 Rfd8 20. d6 Bf6 21. f4 Rd7 22. Rd5 Rc8 23. Rc1 b6 24. b4 Bd8 25. bxc5 bxc5 26. f5 Rc6 27. Kf1 f6 28. Bf4 Bb6 29. Rc4 Kf7 30. Ke2 Ba7 31. Kd3 Bb8 32. Re4 Ba7 33. Kc4 Rc8 34. Rd3 Rb8 35. Kd5 Rb6 36. Rb3 Rxb3 37. axb3 Rb7 38. Kc6 Rb6+ 39. Kc7 Rxb3 40. d7 Bb6+ 41. Kc8 g6 42. g4 h5 43. Bc7 Bxc7 44. Kxc7 Rd3 45. h3 1-0

[Event "DM Kandidatklassen 2025"]
[Site "Svendborg"]
[Date "2025.04.15"]
[Round "1"]
[White "Pirtac, Alexandru"]
[Black "Sandmann, Villads Majvang"]
[Result "0-1"]
[WhiteElo "2078"]
[BlackElo "2291"]
[WhiteFideId "13912143"]
[BlackFideId "1472313"]
[EventDate "2025.04.15"]
[EventType "swiss"]
[EventRounds "7"]
[EventCountry "DEN"]
[SourceTitle "Live v. Kasper Jerwiarz"]

1. e4 c5 2. Nf3 d6 3. d4 cxd4 4. Nxd4 Nf6 5. Nc3 a6 6. h3 e5 7. Nde2 h5 8. Bg5 Be6 9. Bxf6 Qxf6 10. Nd5 Qd8 11. Nec3 Nd7 12. Qd2 g6 13. O-O-O Nc5 14. f4 Bh6 15. g4 exf4 16. Qd4 O-O 17. Nf6+ Kh8 18. Ne8+ Kg8 19. Nxd6 Qa5 20. Nc4 Bxc4 21. Bxc4 Bg7 22. Qd6 Qb4 23. Rd4 Bxd4 24. Qxd4 Ne6 25. Qd3 Qc5 26. Nd5 Qd4 27. Qxd4 Nxd4 28. gxh5 g5 29. h4 g4 30. Rg1 Kh8 31. Nxf4 Nf3 32. Rg2 Ne5 33. Bd5 Rab8 34. c3 Kh7 35. Kd2 Kh6 36. Ke3 Rg8 37. Rg3 Rg7 38. c4 Nf3 39. b4 Nxh4 40. c5 Re8 41. Kf2 Re7 42. Rd3 Kg5 43. Kg3 f5 44. Ne6+ Rxe6 45. Bxe6 f4+ 46. Kh2 g3+ 47. Kg1 f3 48. e5 Re7 49. Bc4 Kxh5 50. e6 Kg4 51. Rd7 Nf5 52. Rxe7 Nxe7 53. Bd3 Nd5 54. Kf1 Ne3+ 55. Ke1 g2 56. Kf2 Kf4 57. Bc2 Ng4+ 0-1

[Event "DM Kandidatklassen 2025"]
[Site "Svendborg"]
[Date "2025.04.15"]
[Round "1"]
[White "Haarh, Simon Bjork"]
[Black "Stovring, Claus"]
[Result "1/2-1/2"]
[WhiteElo "2192"]
[BlackElo "2038"]
[WhiteFideId "1470515"]
[BlackFideId "1406914"]
[EventDate "2025.04.15"]
[EventType "swiss"]
[EventRounds "7"]
[EventCountry "DEN"]
[SourceTitle "Live v. Kasper Jerwiarz"]

1. e4 d6 2. d4 Nf6 3. Nc3 g6 4. Nf3 Bg7 5. Be2 c6 6. O-O O-O 7. Re1 Qc7 8. Bg5 Nbd7 9. Qd2 Re8 10. Bf1 e5 11. d5 c5 12. a4 a6 13. h3 Rb8 14. b3 Nf8 15. a5 Nh5 16. Bh6 f5 17. exf5 gxf5 18. Qg5 Nf4 19. Nd2 N4g6 20. Nc4 Re7 21. Rad1 Rf7 22. g3 Bd7 23. Bxg7 Kxg7 24. h4 h6 25. Qd2 Nh7 26. h5 Ngf8 27. f4 e4 28. g4 Nf6 29. g5 hxg5 30. h6+ Kh8 31. fxg5 Ng4 32. Be2 e3 33. Nxe3 Nxe3 34. Qxe3 f4 35. Qf3 Ng6 36. Bd3 Bf5 37. Qh5 Rg8 38. Ne4 Ne5 39. Kf2 Ng4+ 40. Kf1 Ne3+ 41. Rxe3 fxe3 42. Ke2 Qd7 43. Rg1 Bg6 44. Qh4 Rgf8 45. Nf6 Bxd3+ 46. cxd3 Rxf6 47. gxf6 Qf5 48. Qg3 Qf2+ 49. Qxf2 exf2 50. Kxf2 Rxf6+ 51. Ke3 Rxh6 52. Rg5 Rf6 53. Ke4 Kh7 54. Rf5 Kg6 55. Rxf6+ Kxf6 56. Kf4 Kg6 57. Kg4 Kf6 58. Kf4 1/2-1/2

[Event "DM Kandidatklassen 2025"]
[Site "Svendborg"]
[Date "2025.04.15"]
[Round "1"]
[White "Jensen, Thore Nyboe"]
[Black "Hansen, Lars"]
[Result "0-1"]
[WhiteElo "2084"]
[BlackElo "2188"]
[WhiteFideId "1405349"]
[BlackFideId "1402528"]
[EventDate "2025.04.15"]
[EventType "swiss"]
[EventRounds "7"]
[EventCountry "DEN"]
[SourceTitle "Live v. Kasper Jerwiarz"]

1. e4 c5 2. Nf3 d6 3. d4 cxd4 4. Nxd4 Nf6 5. Nc3 a6 6. Be2 e5 7. Nb3 Be6 8. Bg5 Nbd7 9. O-O Be7 10. Qd2 Rc8 11. f3 h6 12. Be3 Nb6 13. Kh1 O-O 14. Rfd1 Nc4 15. Bxc4 Rxc4 16. Qf2 Qc8 17. Rd2 a5 18. a4 Rb4 19. Bb6 Nd7 20. Bxa5 Rc4 21. Nd5 Bg5 22. Bc3 f5 0-1

[Event "DM Kandidatklassen 2025"]
[Site "Svendborg"]
[Date "2025.04.15"]
[Round "1"]
[White "Laza, Szabolcs"]
[Black "Saugmann, Frederik Chabert"]
[Result "1/2-1/2"]
[WhiteElo "2203"]
[BlackElo "2133"]
[WhiteFideId "741345"]
[BlackFideId "1476122"]
[EventDate "2025.04.15"]
[EventType "swiss"]
[EventRounds "7"]
[EventCountry "DEN"]
[SourceTitle "Live v. Kasper Jerwiarz"]

1. d4 d5 2. c4 c6 3. cxd5 cxd5 4. Bf4 Nf6 5. e3 Nc6 6. Nc3 e6 7. Nf3 Bd6 8. Bxd6 Qxd6 9. Rc1 O-O 10. Bd3 e5 11. dxe5 Nxe5 12. Nxe5 Qxe5 13. O-O Bg4 14. Qa4 a6 15. Rfe1 Bd7 16. Qd4 Rfe8 17. Qxe5 Rxe5 18. Ne2 Ree8 19. Rc7 Bc6 20. Nd4 Rac8 21. Rxc8 Rxc8 22. Rc1 Bd7 23. Rxc8+ Bxc8 24. f3 Kf8 25. Kf2 g6 26. Ke2 Ke7 27. Kd2 Kd6 28. Kc3 Nd7 29. h4 Ne5 30. Be2 f5 31. Nc2 Bd7 32. b3 h6 33. f4 Nc6 34. h5 Be8 35. Nd4 Nxd4 36. Kxd4 gxh5 37. Bf3 Bf7 38. g3 a5 39. Be2 Be8 40. Bd3 Bd7 41. Bf1 b6 42. Bd3 Be6 43. Be2 h4 44. gxh4 Bf7 45. Bf3 Be6 46. Bh5 Bg8 47. Bg6 Be6 48. Bh7 Bd7 49. Bg8 Be6 50. Bh7 Bd7 51. Bg6 Be6 52. Be8 Bg8 53. a3 Be6 54. Bg6 Bd7 55. Kc3 Kc5 56. Bf7 Bc8 57. Be8 Be6 58. Ba4 Bc8 59. b4+ axb4+ 60. axb4+ Kd6 61. Be8 Be6 62. Kd4 Bc8 63. Bf7 Be6 64. Be8 1/2-1/2

[Event "DM Kandidatklassen 2025"]
[Site "Svendborg"]
[Date "2025.04.15"]
[Round "1"]
[White "Ostergreen Johansen, Benjamin"]
[Black "Andersen, Thomas Klitgaard"]
[Result "0-1"]
[WhiteElo "2031"]
[BlackElo "2196"]
[WhiteFideId "1476742"]
[BlackFideId "1408267"]
[EventDate "2025.04.15"]
[EventType "swiss"]
[EventRounds "7"]
[EventCountry "DEN"]
[SourceTitle "Live v. Kasper Jerwiarz"]

1. e4 e6 2. d4 d5 3. Nc3 Bb4 4. Nge2 dxe4 5. a3 Be7 6. Nxe4 Nd7 7. c4 Ngf6 8. N2c3 O-O 9. Be3 Nxe4 10. Nxe4 e5 11. Nc3 f5 12. dxe5 f4 13. Qd5+ Kh8 14. Bd2 c6 15. Qd4 Bc5 16. Qe4 Nxe5 17. O-O-O Ng4 18. Bxf4 Qa5 19. Bd6 Bxd6 20. Rxd6 Nxf2 21. Qe7 Bf5 22. Rg1 Rae8 23. Qh4 Re1+ 24. Rd1 Rxd1+ 25. Nxd1 Nxd1 26. Kxd1 Qa4+ 27. Ke1 Re8+ 28. Kf2 Qc2+ 0-1

[Event "DM Kandidatklassen 2025"]
[Site "Svendborg"]
[Date "2025.04.15"]
[Round "1"]
[White "Laursen, Christopher Hofman"]
[Black "Durrfeld, Sofie Bech"]
[Result "1-0"]
[WhiteElo "2248"]
[BlackElo "1989"]
[WhiteFideId "1405233"]
[BlackFideId "1451324"]
[EventDate "2025.04.15"]
[EventType "swiss"]
[EventRounds "7"]
[EventCountry "DEN"]
[SourceTitle "Live v. Kasper Jerwiarz"]

1. Nf3 d5 2. b3 Bf5 3. e3 e6 4. Bb2 Nc6 5. Bb5 a6 6. Bxc6+ bxc6 7. O-O Bg4 8. d3 Nf6 9. Nbd2 Bd6 10. e4 Bf4 11. Qe1 h5 12. Be5 Bh6 13. h3 Nd7 14. Bg3 h4 15. Bxh4 Bxd2 16. Qxd2 Rxh4 17. Nxh4 Bxh3 18. Nf3 Bg4 19. Qf4 Bxf3 20. Qxf3 Ne5 21. Qf4 Ng6 22. Qg4 Kd7 23. g3 Qf6 24. Kg2 Rb8 25. Qf3 Qg5 26. Rh1 Rf8 27. Qe3 Qe5 28. exd5 Qxd5+ 29. Qe4 Qg5 30. Rae1 Rd8 31. d4 Ke7 32. c3 Rd5 33. Re3 Kf8 34. c4 f5 35. Qf3 Rxd4 36. Kf1 Qf6 37. Qxc6 f4 38. Rf3 Qe5 39. Kg2 Rd8 40. b4 Kg8 41. gxf4 Qf5 42. Kg3 e5 43. Qxc7 Rc8 44. Qd6 Nxf4 45. Qd5+ Kf8 46. Rh8+ Ke7 47. Qb7+ Kf6 48. Qxc8 1-0

[Event "DM Kandidatklassen 2025"]
[Site "Svendborg"]
[Date "2025.04.15"]
[Round "1"]
[White "Iskos, Lukas"]
[Black "Thuesen, Mogens Henrik"]
[Result "1-0"]
[WhiteElo "2008"]
[BlackElo "2205"]
[WhiteFideId "1461613"]
[BlackFideId "1400878"]
[EventDate "2025.04.15"]
[EventType "swiss"]
[EventRounds "7"]
[EventCountry "DEN"]
[SourceTitle "Live v. Kasper Jerwiarz"]

1. d4 Nf6 2. Nf3 e6 3. c4 Bb4+ 4. Nbd2 d5 5. e3 O-O 6. Bd3 dxc4 7. Bxc4 a6 8. a3 Be7 9. b4 b6 10. O-O c5 11. bxc5 bxc5 12. Rb1 cxd4 13. Nxd4 Bd7 14. Qf3 Ra7 15. Bb2 e5 16. N4b3 Nc6 17. Ne4 Qc8 18. Rbc1 Rc7 19. Nec5 Bg4 20. Bxa6 Qb8 21. Qg3 Bxc5 22. Rxc5 Ne4 23. Qxg4 Nxc5 24. Nxc5 Qxb2 25. a4 Nb8 26. Nd3 Qb6 27. Bb5 f6 28. Qb4 Qe6 29. Nc5 Qe7 30. Qb3+ Kh8 31. Ne6 Rfc8 32. Nxc7 Qxc7 33. Rd1 h6 34. h3 Qb6 35. Qf7 Qc5 36. Qg6 Kg8 37. Bd3 Qf8 38. Bf5 Re8 39. Rc1 Rd8 40. Rc7 1-0

[Event "DM Kandidatklassen 2025"]
[Site "Svendborg"]
[Date "2025.04.15"]
[Round "1"]
[White "Jorgensen, Brian Jorgen"]
[Black "Yildiz, Hasan"]
[Result "1-0"]
[WhiteElo "2180"]
[BlackElo "1974"]
[WhiteFideId "1401548"]
[BlackFideId "1435086"]
[EventDate "2025.04.15"]
[EventType "swiss"]
[EventRounds "7"]
[EventCountry "DEN"]
[SourceTitle "Live v. Kasper Jerwiarz"]

1. c4 Nf6 2. Nc3 c5 3. Nf3 Nc6 4. d4 cxd4 5. Nxd4 Nxd4 6. Qxd4 g6 7. Bg5 Bg7 8. Nd5 O-O 9. Bxf6 exf6 10. Qd2 b6 11. Rd1 Re8 12. h4 Bb7 13. h5 f5 14. hxg6 hxg6 15. Nf4 Qf6 16. b3 Re4 17. e3 Rxf4 18. Qxd7 Bc6 19. Qc7 Re4 20. Rd6 Qc3+ 21. Ke2 Rxc4 22. Rd8+ Bf8 23. Qh2 Qb2+ 24. Rd2 Qxd2+ 25. Kxd2 Rd8+ 26. Bd3 Bb4+ 27. Ke2 Rc2+ 28. Bxc2 Rd2+ 29. Kf1 Kf8 30. Qb8+ Ke7 31. Qc7+ Bd7 32. Rh4 Bd6 33. Qc3 Bb5+ 34. Kg1 Rd5 35. a4 Bd7 36. Rc4 b5 37. Rd4 Be5 38. Qb4+ Bd6 39. Qd2 Rc5 40. Rxd6 1-0

[Event "DM Kandidatklassen 2025"]
[Site "Svendborg"]
[Date "2025.04.15"]
[Round "1"]
[White "Derlich, Sarah Sima"]
[Black "Jalving, August"]
[Result "0-1"]
[WhiteElo "2002"]
[BlackElo "2142"]
[WhiteFideId "1469290"]
[BlackFideId "1471759"]
[EventDate "2025.04.15"]
[EventType "swiss"]
[EventRounds "7"]
[EventCountry "DEN"]
[SourceTitle "Live v. Kasper Jerwiarz"]

1. e4 c5 2. Nf3 d6 3. d4 cxd4 4. Nxd4 Nf6 5. Nc3 a6 6. Be2 e5 7. Nb3 Be7 8. O-O O-O 9. Kh1 Nc6 10. a4 Re8 11. Be3 Be6 12. Bf3 Nb4 13. Qe2 Qc7 14. Rfd1 Rac8 15. Rd2 Nxc2 16. Rxc2 Bxb3 17. Rcc1 Qd7 18. Qd2 h6 19. h3 Be6 20. Kh2 Bd8 21. a5 Bc7 22. Bd1 Qd8 23. b4 d5 24. Ba4 d4 25. Bxe8 Nxe8 26. Bxh6 dxc3 27. Rxc3 Qxd2 28. Bxd2 Rd8 29. Be3 Bb8 30. f3 f5 31. exf5 Bxf5 32. Rac1 Nf6 33. Bb6 Re8 34. Rd1 e4+ 35. Kg1 Be5 36. Re3 Bf4 37. Ree1 e3 38. g3 e2 39. Rd8 Rxd8 40. Bxd8 Be3+ 41. Kg2 Bd3 42. Bb6 Bd2 0-1

[Event "DM Kandidatklassen 2025"]
[Site "Svendborg"]
[Date "2025.04.16"]
[Round "2"]
[White "Hansen, Lars"]
[Black "Medhus, Vitus Bondo"]
[Result "0-1"]
[WhiteElo "2188"]
[BlackElo "2329"]
[WhiteFideId "1402528"]
[BlackFideId "1462547"]
[EventDate "2025.04.15"]
[EventType "swiss"]
[EventRounds "7"]
[EventCountry "DEN"]
[SourceTitle "Live v. Kasper Jerwiarz"]

1. Nf3 d5 2. e3 Nf6 3. c4 e6 4. b3 Bd6 5. Bb2 O-O 6. Nc3 Nbd7 7. Qc2 dxc4 8. Bxc4 a6 9. d4 b5 10. Bd3 Bb7 11. O-O Bxf3 12. gxf3 Nd5 13. Nxd5 exd5 14. Bxh7+ Kh8 15. Bf5 g6 16. Bxd7 Qxd7 17. Kg2 Kg7 18. h4 Rh8 19. Rh1 Rh5 20. Rag1 Rah8 21. e4 Rxh4 22. e5 Bb4 23. Rxh4 Rxh4 24. Rh1 Rxh1 25. Kxh1 Qh3+ 26. Kg1 Qxf3 27. Qxc7 Qe2 28. Qc1 Be1 29. Qf4 Bd2 30. Qf6+ Kg8 31. Qd8+ Kh7 32. Qh4+ Qh5 33. Qf6 Qg4+ 34. Kf1 Qe6 35. Qxe6 fxe6 36. Ke2 Bf4 37. Ba3 Kh6 38. Bb4 Kg5 39. Kf3 Kf5 40. Bc5 g5 41. Ke2 g4 42. Kd3 Bh2 43. Be7 Kf4 44. a4 bxa4 45. bxa4 Kf3 46. Kc3 Bg1 0-1

[Event "DM Kandidatklassen 2025"]
[Site "Svendborg"]
[Date "2025.04.16"]
[Round "2"]
[White "Matthiesen, Martin"]
[Black "Andersen, Thomas Klitgaard"]
[Result "1-0"]
[WhiteElo "2304"]
[BlackElo "2196"]
[WhiteFideId "1404067"]
[BlackFideId "1408267"]
[EventDate "2025.04.15"]
[EventType "swiss"]
[EventRounds "7"]
[EventCountry "DEN"]
[SourceTitle "Live v. Kasper Jerwiarz"]

1. d4 e6 2. c4 Nf6 3. Nc3 Bb4 4. e3 O-O 5. Bd3 d5 6. Nf3 dxc4 7. Bxc4 c5 8. O-O cxd4 9. exd4 Nc6 10. Re1 Ne7 11. Qb3 Ned5 12. Bg5 Bxc3 13. bxc3 h6 14. Bh4 b6 15. Rad1 Bb7 16. Bf1 Ne7 17. d5 Qc8 18. Bxf6 gxf6 19. dxe6 fxe6 20. Nd4 Kh8 21. Nxe6 Rg8 22. Qb4 Nf5 23. Nf4 Nh4 24. Qe7 Nf3+ 25. Kh1 Qf5 26. Bd3 Rxg2 27. Nxg2 1-0

[Event "DM Kandidatklassen 2025"]
[Site "Svendborg"]
[Date "2025.04.16"]
[Round "2"]
[White "Hansen, Soren Bech"]
[Black "Laursen, Christopher Hofman"]
[Result "1/2-1/2"]
[WhiteElo "2268"]
[BlackElo "2248"]
[WhiteFideId "1400681"]
[BlackFideId "1405233"]
[EventDate "2025.04.15"]
[EventType "swiss"]
[EventRounds "7"]
[EventCountry "DEN"]
[SourceTitle "Live v. Kasper Jerwiarz"]

1. e4 Nf6 2. e5 Ng8 3. d4 d6 4. Nf3 Nc6 5. Bb5 a6 6. Bxc6+ bxc6 7. h3 Bf5 8. O-O e6 9. Qe2 Ne7 10. Nh4 h6 11. Nxf5 Nxf5 12. Qc4 Qd7 13. Nd2 Be7 14. Nb3 dxe5 15. dxe5 Qd5 16. Qe2 c5 17. c4 Qc6 18. Na5 Qb6 19. Qe4 O-O 20. Nc6 Bh4 21. g4 Nd4 22. Nxd4 cxd4 23. b3 Rad8 24. Bb2 Rd7 25. Rad1 Rfd8 26. Rd3 c5 27. f4 Qb7 28. Qxb7 Rxb7 29. Kg2 a5 30. Bc1 Be7 31. a4 Rdb8 32. Rff3 f6 33. Bd2 Bd8 34. Be1 Bc7 35. Bg3 g5 36. exf6 gxf4 37. f7+ Kf8 38. Bxf4 Bxf4 39. Rxf4 Rxb3 40. Rxb3 Rxb3 41. h4 Rb7 42. Rf6 Rxf7 43. Rxe6 Rd7 44. Kf2 d3 45. Ke1 Rd4 46. Kd2 Rxc4 47. Kxd3 Rxa4 48. Rxh6 Rxg4 49. Rc6 Rxh4 50. Rxc5 a4 51. Kc3 Ke7 1/2-1/2

[Event "DM Kandidatklassen 2025"]
[Site "Svendborg"]
[Date "2025.04.16"]
[Round "2"]
[White "Jalving, August"]
[Black "Le Besq, Alexander"]
[Result "1-0"]
[WhiteElo "2142"]
[BlackElo "2256"]
[WhiteFideId "1471759"]
[BlackFideId "1437089"]
[EventDate "2025.04.15"]
[EventType "swiss"]
[EventRounds "7"]
[EventCountry "DEN"]
[SourceTitle "Live v. Kasper Jerwiarz"]

1. e4 e5 2. Nf3 Nc6 3. Bb5 a6 4. Ba4 Nf6 5. O-O Nxe4 6. d4 b5 7. Bb3 d5 8. dxe5 Be6 9. c3 Be7 10. Nbd2 Nc5 11. Bc2 O-O 12. Re1 d4 13. cxd4 Nxd4 14. Nxd4 Qxd4 15. Nf3 Qxd1 16. Rxd1 Bg4 17. h3 Bxf3 18. gxf3 Rad8 19. Be3 Ne6 20. f4 c5 21. f5 Nd4 22. Bxd4 Rxd4 23. Rxd4 cxd4 24. Bd3 Bg5 25. a4 Rb8 26. axb5 axb5 27. Ra7 Kf8 28. Rd7 Bc1 29. b3 Bf4 30. e6 fxe6 31. fxe6 Rb6 32. Rf7+ 1-0

[Event "DM Kandidatklassen 2025"]
[Site "Svendborg"]
[Date "2025.04.16"]
[Round "2"]
[White "Rewitz, Poul"]
[Black "Jorgensen, Brian Jorgen"]
[Result "1-0"]
[WhiteElo "2262"]
[BlackElo "2180"]
[WhiteFideId "1401033"]
[BlackFideId "1401548"]
[EventDate "2025.04.15"]
[EventType "swiss"]
[EventRounds "7"]
[EventCountry "DEN"]
[SourceTitle "Live v. Kasper Jerwiarz"]

1. Nf3 Nf6 2. d4 g6 3. Nbd2 d5 4. e3 Bg7 5. Be2 O-O 6. O-O Bg4 7. b3 Nbd7 8. Bb2 c6 9. h3 Bxf3 10. Bxf3 Re8 11. c4 Qb6 12. Qc2 a5 13. a4 Rac8 14. Bc3 Qd8 15. Rab1 Qc7 16. Rfc1 e6 17. Be2 e5 18. dxe5 Nxe5 19. Qb2 Bf8 20. f4 Ned7 21. Bxf6 Rxe3 22. Bg4 Rce8 23. Bd4 Rd3 24. Bf2 Qxf4 25. Nf1 Ne5 26. Be2 dxc4 27. bxc4 Rd7 28. c5 Bg7 29. Qb3 h5 30. Rd1 Rde7 31. Re1 h4 32. Rbd1 g5 33. Be3 Qf5 34. Qb1 Qf6 35. Rd6 Re6 36. Qc1 Rxd6 37. Bxg5 Qg6 38. cxd6 Qxd6 39. Bxh4 Qd4+ 40. Bf2 Qxa4 41. Bd1 Qb4 42. Bc2 a4 43. Ng3 Re6 44. Nf5 Bf6 45. Re4 Qf8 46. Rxa4 b5 47. Ra3 b4 48. Rg3+ Ng6 49. h4 Be5 50. Rg4 Kh8 51. Qg5 Qa8 52. Rxb4 Kg8 53. h5 Qa1+ 54. Rb1 Qa2 55. hxg6 Qxc2 56. Qd8+ Re8 57. Qxe8# 1-0

[Event "DM Kandidatklassen 2025"]
[Site "Svendborg"]
[Date "2025.04.16"]
[Round "2"]
[White "Petersen, Steen Brustrup"]
[Black "Loftgaard, Mikkel Vinh"]
[Result "0-1"]
[WhiteElo "2106"]
[BlackElo "2230"]
[WhiteFideId "1402706"]
[BlackFideId "1468480"]
[EventDate "2025.04.15"]
[EventType "swiss"]
[EventRounds "7"]
[EventCountry "DEN"]
[SourceTitle "Live v. Kasper Jerwiarz"]

1. e4 c5 2. Nf3 e6 3. d4 cxd4 4. Nxd4 Nf6 5. Nc3 Nc6 6. Ndb5 Bc5 7. Bf4 O-O 8. Bc7 Qe7 9. Bd6 Bxd6 10. Qxd6 Qd8 11. O-O-O a6 12. Nd4 Ne7 13. Bd3 Ne8 14. Qg3 d6 15. h4 Qc7 16. h5 h6 17. Qe3 e5 18. Nde2 b5 19. g4 b4 20. Nd5 Nxd5 21. exd5 Bxg4 22. Rh4 f5 23. f3 f4 24. Qe4 Nf6 25. Qg6 Bxf3 26. Rg1 e4 27. Nd4 exd3 28. Rxf4 Nxd5 29. Qe6+ Kh8 30. Rxf3 Rxf3 31. Qxd5 Raf8 0-1